Škála vývoje hry dětí se zrakovým postižením / Ellen van den Broek, Yolanda Moleman, Joop Hellendoorn ; překlad: Alžběta Havlínová
Record details
- ISBN: 978-80-260-8811-0
- Physical Description: 33 stran : barevné ilustrace ; 30 cm
- Edition: 1. vydání
- Publisher: Praha : Raná péče EDA, 2015
Content descriptions
| General Note: | Přeloženo z nizozemštiny "Přepracovaná Škála vývoje hry (Hellendoorn, 1989)" 200 výtisků |
| Bibliography, etc. Note: | Obsahuje bibliografii |
Search for related items by subject
| Subject: | děti se zrakovým postižením vývoj dítěte hra hračky children with visual disabilities child development play toys |
| Genre: | metodické příručky methodological manuals |
Available copies
- 1 of 1 copy available at Common Catalog SPOK.
Holds
- 0 current holds with 1 total copy.
Show Only Available Copies
| Location | Call Number / Copy Notes | Barcode | Shelving Location | Status | Due Date |
|---|---|---|---|---|---|
| Jabok Library | PeS-5.3 /B | 424480043599 | Odborná literatura | Available | - |
| LDR | 02217nam a2200601 i 4500 | ||
|---|---|---|---|
| 001 | 48538 | ||
| 003 | CZ-PrJAB | ||
| 005 | 20210629121207.0 | ||
| 007 | ta | ||
| 008 | 150923s2015 xr a f 000 0 cze | ||
| 015 | . | ‡acnb002732780 | |
| 020 | . | ‡a978-80-260-8811-0 ‡q(brožováno) | |
| 035 | . | ‡a(CZ PrNK)nkc20152732780 | |
| 035 | . | ‡a(OCoLC)934900235 | |
| 040 | . | ‡aBOA001 ‡bcze ‡erda | |
| 041 | 1 | . | ‡acze ‡hdut |
| 072 | 7. | ‡a159.92 ‡xVývojová psychologie. Individuální psychologie ‡2Konspekt ‡917 | |
| 080 | . | ‡a316.344.6-056.262-053.2 ‡2MRF | |
| 080 | . | ‡a159.922.72 ‡2MRF | |
| 080 | . | ‡a612.65 ‡2MRF | |
| 080 | . | ‡a37.091.33 ‡2MRF | |
| 080 | . | ‡a688.7 ‡2MRF | |
| 080 | . | ‡a(072) ‡2MRF | |
| 100 | 1 | . | ‡aBroek, E. G. C. van den ‡7ola2014819811 ‡4aut |
| 240 | 1 | 0. | ‡aSpel ontwikkeling schaal vor blinde en slechtziende kinderen. ‡lČesky |
| 245 | 1 | 0. | ‡aŠkála vývoje hry dětí se zrakovým postižením / ‡cEllen van den Broek, Yolanda Moleman, Joop Hellendoorn ; překlad: Alžběta Havlínová |
| 246 | 3 | 0. | ‡aŠkála vývoje hry |
| 250 | . | ‡a1. vydání | |
| 264 | 1. | ‡aPraha : ‡bRaná péče EDA, ‡c2015 | |
| 300 | . | ‡a33 stran : ‡bbarevné ilustrace ; ‡c30 cm | |
| 336 | . | ‡atext ‡btxt ‡2rdacontent | |
| 337 | . | ‡abez média ‡bn ‡2rdamedia | |
| 338 | . | ‡asvazek ‡bnc ‡2rdacarrier | |
| 500 | . | ‡aPřeloženo z nizozemštiny | |
| 500 | . | ‡a"Přepracovaná Škála vývoje hry (Hellendoorn, 1989)" | |
| 500 | . | ‡a200 výtisků | |
| 504 | . | ‡aObsahuje bibliografii | |
| 650 | 0 | 7. | ‡aděti se zrakovým postižením ‡7ph116790 ‡2czenas |
| 650 | 0 | 7. | ‡avývoj dítěte ‡7ph127471 ‡2czenas |
| 650 | 0 | 7. | ‡ahra ‡7ph125799 ‡2czenas |
| 650 | 0 | 7. | ‡ahračky ‡7ph114712 ‡2czenas |
| 650 | 0 | 9. | ‡achildren with visual disabilities ‡2eczenas |
| 650 | 0 | 9. | ‡achild development ‡2eczenas |
| 650 | 0 | 9. | ‡aplay ‡2eczenas |
| 650 | 0 | 9. | ‡atoys ‡2eczenas |
| 655 | 7. | ‡ametodické příručky ‡7fd132826 ‡2czenas | |
| 655 | 9. | ‡amethodological manuals ‡2eczenas | |
| 700 | 1 | . | ‡aMoleman, Yolanda ‡7ola2014819800 ‡4aut |
| 700 | 1 | . | ‡aHellendoorn, Joop, ‡d1939- ‡7mzk2015894187 ‡4aut |
| 700 | 1 | . | ‡aHavlínová, Alžběta, ‡d1983- ‡7xx0251821 ‡4trl |
| 700 | 1 | 2. | ‡aHellendoorn, Joop, ‡d1939- ‡tBewerking van de spel ontwikkeling schaal ‡lČesky |
| 910 | . | ‡aABG312 | |
| 995 | . | ‡aska | |
| 901 | . | ‡a48538 ‡bCZ-PrJAB ‡c48538 ‡tbiblio | |